Statistics for Who sang these 1970s and 1980s songs? #1

Click here to take the quiz!

General Stats

  • This quiz has been taken 1,073 times
    (974 since last reset)
  • The average score is 9 of 10

Answer Stats

Song 1Song 2Song 3Artist% Correct
Bohemian RhapsodyDon't Stop Me NowWe Will Rock YouQueen
99%
Dancing QueenMamma MiaMoney Money MoneyABBA
98%
I'm Still StandingTiny DancerYour SongElton John
97%
Piano ManUptown GirlWe Didn't Start the FireBilly Joel
96%
Another Brick in the WallComfortably NumbWish You Were HerePink Floyd
92%
Let's DanceLife on Mars?StarmanDavid Bowie
89%
Don't Stand So Close to MeMessage in a BottleRoxanneThe Police
88%
All Night Long (All Night)Dancing on the CeilingHelloLionel Richie
77%
Band on the RunLive and Let DieMull of KintyrePaul McCartney and Wings
74%
I Can't Go for That (No Can Do)ManeaterOut of TouchHall & Oates
65%

Score Distribution

Percentile by Number Answered

Percent of People with Each Score

Your Score History

You have not taken this quiz since the last reset